Współczesne daty historyczne polski - Statystyki

Ogólne statystyki
  • Ten quiz został rozwiązany 73 razy
  • Średni wynik to 14 z 15
Statystyki odpowiedzi
Hint Odpowiedź % Poprawnych
I wojna światowa 1914
100%
Odzyskania niepodległości przez Polskę 1918
100%
II wojna światowa 1939
100%
Powstanie warszawskie 1944
98%
Którego roku 1981
97%
Bitwa warszawska “Cud nad Wisłą„ 1920
95%
Upadek PRLObrady okrągłego stołu 1989
95%
Polska w NATO 1999
95%
Polska w UE 2004
95%
Katastrofa smoleńska 2010
95%
Stan wojenny w Polsce kto wprowadziłTylko nazwisko Jaruzelski
95%
Lech Wałęsa prezydent 1990
93%
Wielka powódź tysiąclecia 1997
92%
Zbrodnia katyńska 1940
90%
Ogromna katastrofa ekologiczna wybuch elektrowni jądrowej W Czarnobylu 1986
88%
Nie znaleziono quizów pasujących do podanych kryteriów
Rozkład punktacji
Procent ludzi z każdym wynikiem
Percentyl według liczby udzielonych odpowiedzi
Twoja historia wyników
Nie rozwiązałeś tego quizu